| 000 | 00000nam 2200000zi 4500 |
| 001 | 9.936336 |
| 003 | CaOODSP |
| 005 | 20240423110141 |
| 006 | m o d f |
| 007 | cr mn||||||||| |
| 008 | 240404s1984 onco o f000 0 eng d |
| 040 | |aCaOODSP|beng|erda|cCaOODSP |
| 043 | |an-cn--- |
| 086 | 1 |aC2-83/1-1984E-PDF |
| 245 | 00|aIndustrial and Regional Development Program. |
| 264 | 1|a[Ottawa] : |bGovernment of Canada, Regional Industrial Expansion = Gouvernement du Canada, Expansion industrielle régionale, |c[1984] |
| 300 | |a1 online resource (11 pages) : |bphotographs |
| 336 | |atext|btxt|2rdacontent |
| 337 | |acomputer|bc|2rdamedia |
| 338 | |aonline resource|bcr|2rdacarrier |
| 500 | |aIssued also in French under title: Le programme de développement industriel et régional. |
| 500 | |aDigitized edition from print [produced by Innovation, Science and Economic Development Canada]. |
| 650 | 0|aSubsidies|zCanada. |
| 650 | 0|aIndustrial policy|zCanada. |
| 650 | 0|aEconomic assistance, Domestic|zCanada. |
| 710 | 1 |aCanada. |bDepartment of Regional Industrial Expansion, |eissuing body. |
| 775 | 08|tLe programme de développement industriel et régional.|w(CaOODSP)9.936337 |
| 794 | |tIndustrial and Regional Development Program.|b(Revised (November 1984))|w(CaOODSP)9.937289 |
| 856 | 40|qPDF|s711 KB|uhttps://publications.gc.ca/collections/collection_2024/isde-ised/c2/C2-83-1-1984-eng.pdf |